000 01495nam a22003017a 4500
003 dpl
005 20080806125857.0
008 080806t xxu||||| |||| 00| 0 eng d
010 _aB-281897-902
020 _a0439424720
_c125.00
035 _aB-281897-902
037 _aTR-A-00118HQ/23.7.08
040 _aDPL
_bEN
082 _aS
100 _aGriffiths, Andy
245 _aJust joking! /
_cby Andy Griffiths; illustrated by Terry Denton
260 _bScholastic Inc.
_c2007(repr.).
_aNew York
270 _a550 A, Pace City-II, Sector - 37, (Vender)
_bGurgaon
_e122004
_k2212432
300 _a137p.:
_c20 cm (pbk)
_bill.
700 _aDenton, Terry
942 _cCH
_hS
_2ddc
_mGRI
999 _c13519
_d13519